| 000 | 00737nam a2200301Ia 4500 | ||
|---|---|---|---|
| 008 | 171025s9999 xx 000 0 und d | ||
| 020 | _a9780545380768 | ||
| 050 | _a520 | ||
| 050 | _bG785 2011 | ||
| 100 | _aGraziano, John | ||
| 245 | _aZoom! : | ||
| 245 | _bamazing space stories / | ||
| 245 | _cby John Graziano and Anne Marshall. | ||
| 260 | _aNew York : | ||
| 260 | _bScholastic, | ||
| 260 | _c2011 | ||
| 300 | _a96 pages : | ||
| 300 | _billustrations ; | ||
| 300 | _c19cm. | ||
| 650 | _aAstronomy -- | ||
| 650 | _aAstronomy -- | ||
| 650 | _aOuter space -- | ||
| 650 | _xJuvenile literature. | ||
| 650 | _xJuvenile literature. | ||
| 650 | _xMiscellanea. | ||
| 700 | _aMarshall, Anne. | ||
| 700 | _aTitle. | ||
| 999 |
_c344642 _d344642 |
||